Fundamentos de matemáticas universitarias

Salvato in:
Dettagli Bibliografici
Autore principale: Allendoerfer, Carl B (Autore)
Altri autori: Oakley, Cletus O. (autor)
Natura: Libro
Lingua:spagnolo
Pubblicazione: Ciudad de México McGraw-Hill 1973
Edizione:3a. ed
Soggetti:
Tags: Aggiungi Tag
Nessun Tag, puoi essere il primo ad aggiungerne!!

MARC

LEADER 00000nam a2200000 a 4500
001 UCU2778
003 CL-VaPUC
008 960426e19730000MX |||||||||||||||||spa|d
082 0 4 |a 515.2  |b ALL  |2 21 
100 0 |a Allendoerfer, Carl B  |e author  |9 359297 
700 |a Oakley, Cletus O.  |e autor  |9 359298 
245 1 0 |a Fundamentos de matemáticas universitarias 
250 |a 3a. ed 
300 |a 636 p 
942 |c BK 
945 |d 19960426 00:00:00  |a lriquelm 
260 |a Ciudad de México  |b McGraw-Hill  |c 1973 
650 0 |a Matemática  |9 260235 
650 0 |a Números   |9 265328 
650 0 |a Números racionales   |9 316867 
650 0 |a Números complejos  |9 270335 
650 0 |a Ecuaciones  |9 260137 
650 0 |a Álgebra  |9 259567 
650 0 |a Polinomios  |9 270626 
650 0 |a Vectores  |9 317184 
650 0 |a Matrices   |9 22 
650 0 |a Funciones   |9 263869 
650 0 |a Logaritmos  |9 260266 
650 0 |a Trigonometría   |9 259568 
650 0 |a Geometría analítica   |9 260062 
583 |a last modification  |c 19960426 00:00:00  |k Rodrigo Vera 
999 |c 247001  |d 246999 
952 |0 0  |1 0  |4 0  |6 515_200000000000000_ALL_1973  |7 0  |8 A  |9 262453  |a BIBING  |b BIBING  |d 2019-11-19  |i 1642596  |l 3  |m 2  |o 515.2 ALL 1973  |p 1642596  |r 2025-03-20  |s 2025-03-20  |w 2019-11-19  |y BK  |k ING 
952 |0 0  |1 0  |4 0  |6 515_200000000000000_ALL_1973  |7 0  |8 A  |9 262455  |a BIBCUR  |b BIBCUR  |d 2019-11-19  |i 178370K  |l 6  |m 1  |o 515.2 ALL 1973  |p 178370K  |r 2025-04-22  |s 2024-11-12  |w 2019-11-19  |y BK  |k BCB 
952 |0 0  |1 0  |4 0  |6 515_200000000000000_ALL_1973  |7 0  |8 A  |9 262456  |a BIBCUR  |b BIBCUR  |d 2019-11-19  |i 1783718  |o 515.2 ALL 1973  |p 1783718  |r 2025-04-22  |w 2019-11-19  |y BK  |k BCB 
952 |0 0  |1 0  |4 0  |6 515_200000000000000_ALL_1973  |7 0  |8 A  |9 262458  |a BIBMAT  |b BIBMAT  |d 2019-11-19  |i 1491415  |o 515.2 ALL 1973  |p 1491415  |r 2025-01-07  |w 2019-11-19  |y BK  |k MAT 
952 |0 0  |1 0  |4 0  |6 515_200000000000000_ALL_1973  |7 0  |8 A  |9 262459  |a BIBMAT  |b BIBMAT  |d 2019-11-19  |i 1491121  |o 515.2 ALL 1973  |p 1491121  |r 2025-01-07  |w 2019-11-19  |y BK  |k MAT 
952 |0 0  |1 0  |4 0  |6 515_200000000000000_ALL_1973  |7 0  |8 A  |9 262460  |a BIBMAT  |b BIBMAT  |d 2019-11-19  |i 1491172  |o 515.2 ALL 1973  |p 1491172  |r 2025-01-07  |w 2019-11-19  |y BK  |k MAT 
952 |0 0  |1 0  |4 0  |6 515_200000000000000_ALL_1973  |7 0  |8 A  |9 262461  |a BIBMAT  |b BIBMAT  |d 2019-11-19  |i 1491202  |o 515.2 ALL 1973  |p 1491202  |r 2025-01-07  |w 2019-11-19  |y BK  |k MAT